| 000 | 00493nam a2200205Ia 4500 | ||
|---|---|---|---|
| 003 | STCL | ||
| 008 | 230726s9999 xx 000 0 und d | ||
| 020 | _a9789380156606 | ||
| 040 |
_aSTCL _cSTCL _bEN |
||
| 082 | _222 | ||
| 100 | _aGupta, N K | ||
| 245 | 0 | _aFinancial markets and institutions and services | |
| 250 | _a2 | ||
| 260 |
_bAne Books Pvt Ltd _aNew Delhi _c2021 |
||
| 300 | _a411 p | ||
| 365 | _b595 | ||
| 546 | _aEnglish | ||
| 700 | _aChopra, Monika | ||
| 942 |
_2DDC _e22 _cBKDDC |
||
| 999 |
_c89004 _d89004 |
||